Éducation, totalitarisme et dissidence le cas "Havel"

Titel: Éducation, totalitarisme et dissidence le cas "Havel" / Pierre Statius
Verfasser:
In: Éducation et totalitarisme, (2014), Seite 111-134
alle Artikel anzeigen
Veröffentlicht: 2014
Format: Aufsatz
Sprache: Französisch
Schlagworte:
Kein Bild verfügbar
X
alg: 46463939
001A    $03025:25-05-20 
001B    $01999:25-05-20 $t22:44:14.000 
001D    $03025:25-05-20 
001U    $0utf8 
001X    $00 
002@    $0Aou 
002C    $aText $btxt $2rdacontent 
002D    $aohne Hilfsmittel zu benutzen $bn $2rdamedia 
002E    $aBand $bnc $2rdacarrier 
003@    $0464639395 
007A    $0464639395 $aHEB 
010@    $afre 
010E    $erda 
011@    $a2014 
021A    $aÉducation, totalitarisme et dissidence le cas "Havel" $hPierre Statius 
028A    $BVerfasser $4aut $71111811555 $8Statius, Pierre$Z1962- [Tp3] $9385894929 
031A    $h111-134 $j2014 
039B    $aEnthalten in $8--Aax--. Éducation et totalitarisme. - [Dijon] : Presses du Réel, 2014. - 241 S. - ISBN 2-84066-593-X $x201400000000000889 $9464639336 
044K    $#Havel, V. $#Haveli, Vac'lav $#Chavel, Vaclav $#Havelo, Václavo $#Haveru, Vatsurafu $#Haei̕er, Wacilafu $#Hapel, Pačchŭllapchŭ $#Havel, Vaclav $#Gavel, Vaclav $#Gavel, Vatslav $#Khavel, Vatslav $#Гавел, Вацлав $7118709259 $8Havel, Václav$Z1936-2011 [Tp1] $9087050056 
044K    $RAllgemeinwissen $#Education $#Éducation $#education $#Bildung $#Bildung $74006650-2 $8Bildung [Ts1] $9085009903 
044K    $#Totalitarianism $#Totalitarisme $#Totalitarismo $#Totalitarismo $#Totalitarismus $#Totaler Staat $#Totalitärer Staat $74060491-3 $8Totalitarismus [Ts1] $9085167908 
044K    $ROpposition $RDissidentin $#Dissenters $#Dissidents $#Dissident $#Nonkonformist $#Abweichler Dissident $74150218-8 $8Dissident [Ts1] $9085617881 
045F    $a909 $eDDC23BSB 
045F/01 $a909 
045F/03 $f0904 
045F/03 $g437 
045G    $a370.94370904 $eDDC23BSB 
045G/01 $a370.9 
045G/03 $f0904 
045G/03 $g437 

lok: 46463939 78

exp: 46463939 78 1 #EPN
201B/01 $025-05-20 $t16:08:33.000 
201C/01 $025-05-20 
201U/01 $0utf8 
203@/01 $01107768942 
208@/01 $a25-05-20 $be 
209A/01 $a/ $f000 $x00 
209A/01 $ab*p $x01 
220C/01 $apgar 
244Z/01 $#Böhmische Kronländer $#Länder der Böhmischen Krone $#Sudetenland $#Böhmen $#Mähren $#Mährisch-Schlesien $#Österreichisch-Schlesien $#Tschechische Sozialistische Republik Böhmische Länder $#Tschechei Böhmische Länder $#Země koruny české $74069573-6 $8--Tg1--Böhmische Länder $x01 $9085195553 
244Z/01 $#Tschechoslowakei $#Tschechoslowakei $#Tschechische und Slowakische Föderative Republik $#République Tchéco-Slovaque $#Tchécoslovaquie $#Československá Federativní Republika $#Česká a Slovenská Federativní Republika $#Czech and Slovak Federal Republic $#ČSFR $#ČSSR $#ČSR $#RČS $#Československo $#Československá Socialistická Republika $#Československá Republika $#Tschechoslowakische Sozialistische Republik $#Tschechoslowakische Republik $#Tschechoslowakische Föderative Republik $#Republika Československá $#Czechoslovakia $#Čechoslovakische Republik $#République Tchécho-Slovaque $#Tchéchoslovaquie $#Czechoslovak Socialist Republic $#Checoeslovaquia $#Cecoslovacchia $#Čechoslovakija $#République tchécoslovaque $74078435-6 $8--Tg1--Tschechoslowakei $x02 $9085222305 
247C/01 $82080>Marburg/Lahn, Herder-Institut, Forschungsbibliothek, Bibliographieportal $9336309341
LEADER 00000caa a2200000 c 4500
001 464639395
003 DE-603
005 20200525224414.0
007 tu
008 200525s2014 xx |||| | u00||u|fre c
035 |a (DE-599)HEB464639395 
040 |a DE-603  |b ger  |c DE-603  |d DE-603  |e rda 
041 |a fre 
082 0 4 |8 1\u  |a 909  |q DE-101  |2 23/BSB 
083 0 |8 2\u  |a 370.94370904  |q DE-101  |2 23/BSB 
085 |8 1\u  |b 909 
085 |8 1\u  |z 1  |s 0904 
085 |8 1\u  |z 2  |s 437 
085 |8 2\u  |b 370.9 
085 |8 2\u  |z 1  |s 0904 
085 |8 2\u  |z 2  |s 437 
100 1 |a Statius, Pierre  |d 1962-  |e Verfasser  |4 aut  |0 (DE-603)385894929  |0 (DE-588)1111811555  |2 gnd 
245 0 0 |a Éducation, totalitarisme et dissidence le cas "Havel"  |c Pierre Statius 
264 0 |c 2014 
336 |a Text  |b txt  |2 rdacontent 
337 |a ohne Hilfsmittel zu benutzen  |b n  |2 rdamedia 
338 |a Band  |b nc  |2 rdacarrier 
600 1 7 |a Havel, Václav  |d 1936-2011  |0 (DE-588)118709259  |0 (DE-603)087050056  |2 gnd 
650 7 |a Bildung  |0 (DE-588)4006650-2  |0 (DE-603)085009903  |2 gnd 
650 7 |a Totalitarismus  |0 (DE-588)4060491-3  |0 (DE-603)085167908  |2 gnd 
650 7 |a Dissident  |0 (DE-588)4150218-8  |0 (DE-603)085617881  |2 gnd 
773 0 8 |i Enthalten in  |t Éducation et totalitarisme  |d [Dijon] : Presses du Réel, 2014  |h 241 S, 24 cm  |z 284066593X  |z 9782840665939  |g (2014), Seite 111-134  |w (DE-603)464639336 
924 0 |9 2080  |a (DE-603)1107768942  |b DE-2080  |c HES  |d d  |g /